000 01277nam a22003378i 4500
999 _c4020
_d4020
001 on1031551009
003 OCoLC
005 20241223094200.0
007 ta
008 190322s2019 nyu e 000 1 eng d
020 _a9781787470477
040 _aDLC
_beng
_erda
_cDLC
_dMLSOD
_dJSE
_dMLY
_dQQ3
_dOCLCO
_dDAD
_dJQW
_dHQB
_dMWD
_dJNE
_dSSH
_dUAP
_dYDX
_dDCH
_dOCJ
_dIGA
_dOCLCO
_dHQD
_dCaOL
_dKH8
082 _aFIC CHO
100 1 _aChoo, Yangsze.
_eauthor.
245 1 4 _aThe night tiger /
_cYangsze Choo.
264 1 _aNew York :
_bFlatiron Books,
_c2019.
300 _a372 pages ;
_c25 cm.
336 _atext
_btxt
_2rdacontent.
337 _aunmediated
_bn
_2rdamedia.
338 _avolume
_bnc
_2rdacarrier.
490 1 _aReese's book club.
520 _aA vivacious dance-hall girl in 1930s colonial Malaysia is drawn into unexpected danger by the discovery of a severed finger that is being sought by a young houseboy in order to protect his late master's soul.
650 0 _aWomen dressmakers
_vFiction.
650 0 _aHousehold employees
_vFiction.
650 0 _aSuperstition
_vFiction.
650 7 _aFantasy fiction.
_2genre.
650 7 _aHistorical fiction.
_2genre.
651 0 _aMalaysia
_xHistory
_y20th century
_vFiction.
830 0 _aReese's book club.
942 _2ddc
_cCSN